| 000 | 02152nam a2200301 i 4500 | ||
|---|---|---|---|
| 001 | 16081 | ||
| 003 | DO-SdUEMH | ||
| 005 | 20251128172840.0 | ||
| 007 | ta | ||
| 008 | 211105s1994||||dr |||gr|||||||1 | spa d | ||
| 040 |
_aDO-SdUEMH _bspa _erda |
||
| 041 | _aspa | ||
| 082 | 1 | 4 |
_aRD 972.93053 G216G _bG216 _mRD |
| 084 | _b08-00954 | ||
| 100 |
_aGARCiA, JOSE GABRIEL, 1834-1910 _eaut |
||
| 245 |
_aGuerra de la separación dominicana: _bdocumentos para su historia / _cGarcía, José Gabriel. |
||
| 250 | _aSegunda edición | ||
| 260 | _c1994 | ||
| 264 | 1 |
_aSanto Domingo, República Dominicana : _bAlfa & Omega, _c1994 |
|
| 264 | 4 | _c©1994 | |
| 300 |
_a143 páginas : _bsin ilustraciones ; _c22 cm. |
||
| 336 |
_2rdacontent _atexto _btxt |
||
| 337 |
_2rdamedia _asin mediación _bn |
||
| 338 |
_2rdacarrier _avolumen _bnc |
||
| 505 | 2 | _aCapítulo I: Preliminares (Pronunciamiento de la Puerta del Conde, Capitulación y Protesta) -- Capítulo II: Primera Campaña (Acciones de la Fuente del Rodeo, Las cabezas de las Marías y Azua, Abandono de esta población, Sus consecuencias, Talanquera y Santiago, Sus resultados, Guayubín, Tortuguero, Retirada del ejército haitiano, Ocupación de Azua, Neiva, San Juan y Las Matas, Primer ataque de Caciman) -- Capítulo III: Segunda Campaña (Comendador, Segundo ataque de Caciman, Primero de El Puerto, Las Cahobas, Hondovalle, Los Pinos, El Oreganal, Tercer ataque de Caciman, Estrelleta, Beler, Maluís o La Posa del Diablo) -- Capítulo IV: Tercera Campaña (Rumores de invasión, Preparativos, Acontecimientos de Las Matas, Progreso de invasión, Pérdida de Azua, El Número 1, Las Charcas, Sus consecuencias, Guerra ofensiva, Operaciones marítimas) -- Capítulo V: La Tregua (El Callejón y Postrer Río, Operaciones sobre las fronteras del Norte, Otros incidentes, Actitud patriótica del gobierno) -- Capítulo VI: Cuarta Campaña (Preparativos para la resistencia, Rompimiento de las hostilidades, San José, Samaná, Cambonal, Sabana Larga, Caciman y El Número 2) -- Capítulo VII: Apéndice (Versiones haitianas respecto a los incidentes de la guerra). | |
| 942 |
_2ddc _cBK _n0 |
||
| 999 |
_c16081 _d16081 |
||